[Event "OPEN D'AUBAGNE"]
[Site "SALLE LAKANAL AUBAGNE"]
[Date "2019.09.02"]
[Round "2.1"]
[White "Bonavia, Mathis"]
[Black "Jamme, Jean-Pierre"]
[Result "0-1"]
[WhiteElo "1373"]
[BlackElo "1942"]
[PlyCount "142"]
[EventDate "2019.??.??"]
[WhiteTeam "La Ciotat Echecs (LCE)"]
[BlackTeam "Cercle d'Echecs Aubagnais"]

1. d4 d5 2. Bf4 Nf6 3. Nf3 c6 4. c3 Qb6 5. Qc2 Bg4 6. Nbd2 e6 7. e3 Nbd7 8. Bd3
c5 9. O-O c4 10. Be2 Bf5 11. Qc1 Nh5 12. Be5 f6 13. Bg3 Nxg3 14. hxg3 Qc6 15.
b3 b5 16. Re1 Rc8 17. bxc4 bxc4 18. Nh4 Bg6 19. Bf3 Bd3 20. e4 Nb6 21. exd5
Nxd5 22. Bg4 Nc7 23. Re3 h5 24. Bf5 Bxf5 25. Nxf5 Kf7 26. Nh4 Nd5 27. Re2 g5
28. Nhf3 h4 29. g4 Nf4 30. Re3 Bd6 31. Ne4 Nd3 32. Nexg5+ Kg6 33. Qd2 Bf4 34.
Nxe6 Bxe3 35. Qxe3 Rce8 36. Nf4+ Nxf4 37. Qxf4 Qe4 38. Qxe4+ Rxe4 39. d5 Rxg4
40. Rd1 Rd8 41. Kh2 Kf7 42. Kh3 Rf4 43. Rd2 Rf5 44. d6 Rc5 45. Kxh4 Rc6 46. Nd4
Rcxd6 47. Rb2 Rd5 48. a4 Rxd4+ 49. cxd4 Rxd4+ 50. g4 Rd7 51. Rc2 Rd4 52. Kg3
Ke6 53. Kf3 Kd5 54. Kg3 Rd3+ 55. f3 Ra3 56. a5 c3 57. Rh2 Kd4 58. Re2 Kd3 59.
Kf2 Rxa5 60. Re3+ Kc4 61. Re2 Kb3 62. Re6 Rc5 63. Kg3 c2 64. Re1 Kc3 65. f4 Rd5
66. Re6 Rd3+ 67. Kh4 Kd2 68. Rc6 Rc3 69. Rd6+ Ke3 70. Rxf6 c1=Q 71. f5 Kf4 0-1

[Event "OPEN D'AUBAGNE"]
[Site "SALLE LAKANAL AUBAGNE"]
[Date "2019.09.02"]
[Round "2.2"]
[White "Pinet, Leo"]
[Black "Lassiaille, Frederic"]
[Result "1/2-1/2"]
[WhiteElo "1418"]
[BlackElo "1695"]
[PlyCount "36"]
[EventDate "2019.??.??"]
[WhiteTeam "Club Provence Echecs"]
[BlackTeam "Sanary Echecs"]

1. e4 e5 2. Nf3 Nf6 3. Bc4 d6 4. Ng5 d5 5. exd5 Nxd5 6. Nxf7 Kxf7 7. Qf3+ Ke6
8. Nc3 c6 9. d4 Be7 10. O-O Rf8 11. Qe4 Qd6 12. f4 Kd7 13. fxe5 Rxf1+ 14. Kxf1
Nxc3 15. Qf5+ Kd8 16. Qxc8+ Kxc8 17. exd6 Bxd6 18. bxc3 Bxh2 1/2-1/2

[Event "OPEN D'AUBAGNE"]
[Site "SALLE LAKANAL AUBAGNE"]
[Date "2019.09.02"]
[Round "2.3"]
[White "Cescon, Moreno"]
[Black "Roche, Alain"]
[Result "1-0"]
[WhiteElo "1694"]
[BlackElo "1348"]
[PlyCount "68"]
[EventDate "2019.??.??"]
[WhiteTeam "Cercle d'Echecs Aubagnais"]
[BlackTeam "Echiquier Marseillais 1872"]

1. e4 e6 2. d4 d5 3. exd5 exd5 4. Nf3 Nf6 5. Ne5 Be7 6. h3 O-O 7. Bd3 c5 8. c3
Ne4 9. O-O Nc6 10. Nxc6 bxc6 11. Bxe4 dxe4 12. Re1 Bf5 13. Be3 c4 14. Nd2 Bg5
15. Nxc4 Bxe3 16. Nxe3 Bg6 17. Ng4 Rb8 18. b3 Qd5 19. Ne5 Rfd8 20. Qe2 c5 21.
Rad1 cxd4 22. Nxg6 hxg6 23. Rxd4 Qc6 24. Rxd8+ Rxd8 25. c4 Re8 26. Qe3 a5 27.
a4 f5 28. f3 Rb8 29. fxe4 fxe4 30. Rd1 Qb7 31. Rb1 Rf8 32. c5 Rd8 33. Qc3 Rd3
34. Qc4+ Rd5 1-0

[Event "OPEN D'AUBAGNE"]
[Site "SALLE LAKANAL AUBAGNE"]
[Date "2019.09.02"]
[Round "2.4"]
[White "Strate, Francois"]
[Black "Daumas, Alain"]
[Result "0-1"]
[WhiteElo "1351"]
[BlackElo "1612"]
[PlyCount "74"]
[EventDate "2019.??.??"]
[WhiteTeam "Sanary Echecs"]
[BlackTeam "Club d'Echecs Pennois (CEP)"]

1. d4 Nf6 2. c4 e6 3. Nc3 d5 4. Bg5 Nbd7 5. e3 Be7 6. Nf3 O-O 7. cxd5 Nxd5 8.
Nxd5 Bxg5 9. Nxc7 Qxc7 10. Nxg5 Qa5+ 11. Qd2 Qxg5 12. Rc1 Nf6 13. f3 Bd7 14.
Bd3 Bc6 15. O-O Rad8 16. Qe2 Rd7 17. a3 Rfd8 18. Bb1 e5 19. Rcd1 exd4 20. e4
Ba4 21. Rd2 Qc5 22. Bd3 Bb5 23. b4 Bxd3 24. Qxd3 Qb6 25. f4 Rc7 26. Kh1 Rc3 27.
Qe2 Rxa3 28. Rfd1 Qxb4 29. Rb2 Qe7 30. e5 Nd5 31. Rxd4 Ra1+ 32. Rd1 Rxd1+ 33.
Qxd1 Nxf4 34. Qf1 b6 35. Rb1 Qxe5 36. Re1 Qd6 37. Qb5 Nd5 0-1

[Event "OPEN D'AUBAGNE"]
[Site "SALLE LAKANAL AUBAGNE"]
[Date "2019.09.02"]
[Round "2.5"]
[White "Gomez, Guy"]
[Black "Lai, Bjorn"]
[Result "1/2-1/2"]
[WhiteElo "1563"]
[BlackElo "1364"]
[PlyCount "138"]
[EventDate "2019.??.??"]
[WhiteTeam "Cercle d'Echecs Aubagnais"]
[BlackTeam "Club Provence Echecs"]

1. e4 e5 2. Nf3 Nc6 3. Bc4 Nf6 4. d3 Bc5 5. O-O O-O 6. a3 d5 7. exd5 Nxd5 8. b4
Bd4 9. Nxd4 Nxd4 10. c3 Nc6 11. Qf3 Be6 12. Bb2 a6 13. Nd2 Nf4 14. Rad1 Qg5 15.
Ne4 Qg6 16. Bxe6 Nxe6 17. h4 f5 18. h5 Qf7 19. Ng3 Ng5 20. Qe2 Rae8 21. Bc1 f4
22. Qg4 h6 23. Ne4 Nxe4 24. dxe4 Kh8 25. Rd7 Qg8 26. Rfd1 Rf7 27. Rxf7 Qxf7 28.
Rd7 Qg8 29. Rxc7 Re7 30. Rc8 Re8 31. Rc7 Re7 32. Rxe7 Nxe7 33. Qd7 Qf7 34. Qd1
Ng8 35. Bb2 Qc4 36. Qd5 Qe2 37. Qb3 Qe1+ 38. Kh2 Qxf2 39. c4 f3 40. Qxf3 Qxb2
41. c5 Qd4 42. Qf5 Qb2 43. Qg4 Qf2 44. Qf3 Qxf3 45. gxf3 Nf6 46. a4 Kg8 47. b5
axb5 48. axb5 Ne8 49. Kg3 Kf7 50. Kg4 Ke6 51. f4 Nc7 52. f5+ Kf6 53. b6 Na6 54.
c6 bxc6 55. b7 Ke7 56. Kf3 Kd6 57. Kg4 Nb8 58. f6 gxf6 59. Kf5 Ke7 60. Kg6 c5
61. Kxh6 Kf7 62. Kh7 c4 63. h6 Kf8 64. Kh8 f5 65. exf5 c3 66. f6 c2 67. f7 c1=Q
68. h7 Ke7 69. f8=Q+ Kxf8 1/2-1/2

[Event "OPEN D'AUBAGNE"]
[Site "SALLE LAKANAL AUBAGNE"]
[Date "2019.09.02"]
[Round "2.6"]
[White "Pouyet, Alain"]
[Black "Vicari-Vento, Salvatore"]
[Result "1-0"]
[WhiteElo "1563"]
[BlackElo "1346"]
[PlyCount "89"]
[EventDate "2019.??.??"]
[WhiteTeam "Club Provence Echecs"]
[BlackTeam "Cercle d'Echecs Aubagnais"]

1. e4 c5 2. Nf3 d6 3. c3 Nf6 4. Be2 a6 5. O-O g6 6. h3 Bg7 7. d3 O-O 8. Bg5 b5
9. Nbd2 Nbd7 10. Nh2 h6 11. Bh4 g5 12. Bg3 e5 13. h4 Nh7 14. hxg5 Nxg5 15. f4
exf4 16. Bxf4 Be5 17. Bxe5 Nxe5 18. d4 cxd4 19. cxd4 Nc6 20. Nhf3 Qb6 21. Nb3
Nxe4 22. Kh2 d5 23. Rc1 Qb8+ 24. Kg1 Bb7 25. Bd3 Nb4 26. Bb1 Rc8 27. Ne5 Rxc1
28. Qg4+ Ng5 29. Nxc1 Bc8 30. Bf5 Bxf5 31. Rxf5 Ra7 32. a3 Qc8 33. Nb3 Nc6 34.
Qh5 Nxe5 35. dxe5 Re7 36. Nd4 Qc1+ 37. Kh2 Qc7 38. Nf3 Qd7 39. Qg4 Kh7 40. Qh5
Kg7 41. Qg4 Qd8 42. Qd4 Re6 43. Qa7 Qe7 44. Qd4 Qd7 45. g4 1-0

[Event "OPEN D'AUBAGNE"]
[Site "SALLE LAKANAL AUBAGNE"]
[Date "2019.09.02"]
[Round "2.7"]
[White "Rocchia, Alex"]
[Black "Ganier, Philippe"]
[Result "0-1"]
[WhiteElo "1325"]
[BlackElo "1558"]
[PlyCount "70"]
[EventDate "2019.??.??"]
[WhiteTeam "Cercle d'Echecs Aubagnais"]
[BlackTeam "La Ciotat Echecs (LCE)"]

1. e4 c5 2. Nc3 Nc6 3. f4 g6 4. Nf3 Bg7 5. Bb5 e6 6. Bxc6 dxc6 7. d3 Ne7 8. O-O
O-O 9. Qe1 b6 10. Qg3 Bb7 11. Qh3 Bc8 12. Qg3 f5 13. e5 Nd5 14. a3 Qe7 15. Bd2
Ba6 16. Ng5 Rad8 17. Ne2 h6 18. Nh3 Qf7 19. c4 Ne7 20. b4 Bxc4 21. Nf2 Rd5 22.
Rfc1 Ba6 23. Rc3 Rfd8 24. Nc1 c4 25. a4 cxd3 26. Ncxd3 Qe8 27. b5 cxb5 28. axb5
Qxb5 29. Be1 Kh7 30. Rca3 Bb7 31. Rxa7 R5d7 32. R7a4 Nc6 33. Nb4 Nd4 34. Kh1
Be4 35. Nxe4 Qf1# 0-1

[Event "OPEN D'AUBAGNE"]
[Site "SALLE LAKANAL AUBAGNE"]
[Date "2019.09.02"]
[Round "2.9"]
[White "Tramarin, Matteo"]
[Black "Marchis Mouren, Emma"]
[Result "1-0"]
[WhiteElo "1491"]
[BlackElo "1317"]
[PlyCount "147"]
[EventDate "2019.??.??"]
[WhiteTeam "La Ciotat Echecs (LCE)"]
[BlackTeam "Cassis Echecs"]

1. c4 Nf6 2. Nc3 e6 3. Nf3 d5 4. cxd5 exd5 5. d4 b6 6. Bg5 Be7 7. e3 Bb7 8. Bd3
c5 9. O-O h6 10. Bxf6 Bxf6 11. Bb5+ Nd7 12. Qa4 a6 13. Bxd7+ Qxd7 14. Qb3 Qd6
15. dxc5 Qxc5 16. Na4 Qb5 17. Nxb6 Qxb3 18. axb3 Rd8 19. Rad1 h5 20. Rd2 h4 21.
h3 O-O 22. Rfd1 d4 23. Nxd4 g5 24. Nc4 Rb8 25. Nf5 Be4 26. Nfd6 Bg6 27. Ra1
Rxb3 28. Rxa6 Rfb8 29. Ra3 R3b4 30. Ra7 Bxb2 31. Rxb2 Rxb2 32. Nxb2 Rxb2 33.
Ra5 Rd2 34. Nc4 Rc2 35. Ne5 Kg7 36. Ng4 f6 37. Ra7+ Bf7 38. Ra6 Rc1+ 39. Kh2 f5
40. Ne5 Rc5 41. Nf3 g4 42. hxg4 fxg4 43. Nxh4 Rc2 44. Kg3 Bh5 45. Ra5 Kh6 46.
Nf5+ Kg6 47. Ng7 Kxg7 48. Rxh5 Rc4 49. Rg5+ Kf6 50. Rxg4 Rc5 51. Kf3 Kf5 52.
Rf4+ Ke5 53. g4 Ke6 54. Rf5 Rc7 55. Kf4 Rg7 56. f3 Rg6 57. g5 Rg7 58. e4 Rg8
59. Rf6+ Ke7 60. Kf5 Rg7 61. f4 Rg8 62. e5 Rg7 63. g6 Rg8 64. Rf7+ Kd8 65. Kf6
Ke8 66. g7 Kd8 67. Rf8+ Kc7 68. e6 Kd6 69. Rxg8 Kc5 70. Rc8+ Kd4 71. g8=Q Kd3
72. Qg3+ Ke4 73. Rc4+ Kd5 74. Qd3# 1-0

[Event "OPEN D'AUBAGNE"]
[Site "SALLE LAKANAL AUBAGNE"]
[Date "2019.09.02"]
[Round "2.10"]
[White "Morata, Serge"]
[Black "Gamblin, Vincent"]
[Result "0-1"]
[WhiteElo "1304"]
[BlackElo "1479"]
[PlyCount "62"]
[EventDate "2019.??.??"]
[WhiteTeam "Cercle d'Echecs Aubagnais"]
[BlackTeam "L'Echiquier du Roy René"]

1. e4 c5 2. Nc3 e6 3. g3 Nc6 4. Bg2 g6 5. d3 Bg7 6. Nge2 Nge7 7. Be3 d6 8. Qd2
O-O 9. Bh6 e5 10. f4 Bxh6 11. O-O-O Nd4 12. Nxd4 cxd4 13. Nd5 Nxd5 14. exd5 Bf5
15. Be4 Qd7 16. Kb1 a5 17. Qf2 a4 18. a3 b5 19. Bxf5 Qxf5 20. Qd2 Rfe8 21. Qb4
Qd7 22. Rde1 Rac8 23. Re2 Rc5 24. fxe5 Rxd5 25. e6 Rxe6 26. Re4 Be3 27. Re1
Rxe4 28. dxe4 Re5 29. Rxe3 dxe3 30. Qd4 Qe6 31. Qxe3 Rxe4 0-1

[Event "OPEN D'AUBAGNE"]
[Site "SALLE LAKANAL AUBAGNE"]
[Date "2019.09.02"]
[Round "2.11"]
[White "Labriaud, Gilles"]
[Black "Rivollier, Frederic"]
[Result "0-1"]
[WhiteElo "1270"]
[BlackElo "1450"]
[PlyCount "104"]
[EventDate "2019.??.??"]
[WhiteTeam "La Ciotat Echecs (LCE)"]
[BlackTeam "Cercle d'Echecs Aubagnais"]

1. e4 e5 2. c4 Nf6 3. Nc3 c6 4. Nf3 d6 5. Be2 g6 6. d3 Bg7 7. Bg5 Bg4 8. Qd2
Nbd7 9. O-O O-O 10. Bh6 Ne8 11. h3 Bxf3 12. Bxf3 f5 13. Bxg7 Nxg7 14. Ne2 Qc7
15. Rac1 c5 16. Nc3 Nf6 17. Nd5 Nxd5 18. cxd5 a5 19. Be2 b6 20. f4 Qe7 21. Kh2
Rae8 22. Rce1 fxe4 23. dxe4 exf4 24. Bb5 Rd8 25. Rxf4 Qe5 26. g3 Nh5 27. Rxf8+
Rxf8 28. Qg2 Ng7 29. b3 Nf5 30. Rf1 Nd4 31. Rxf8+ Kxf8 32. Qf2+ Kg7 33. Bc4 g5
34. Kg2 h5 35. Qe3 h4 36. g4 Kf7 37. Qf2+ Qf6 38. Qe3 Ke7 39. Be2 Qe5 40. Bd3
Kd7 41. Qf2 Ke7 42. Qe3 b5 43. Qf2 a4 44. bxa4 bxa4 45. Qe1 a3 46. Qe3 Kd7 47.
Bb1 Nb5 48. Qb3 Qb2+ 49. Bc2 Nd4 50. Qxb2 axb2 51. Bb1 c4 52. Kf2 c3 0-1

[Event "OPEN D'AUBAGNE"]
[Site "SALLE LAKANAL AUBAGNE"]
[Date "2019.09.02"]
[Round "2.12"]
[White "Leroux, Yves"]
[Black "Cotton, Paul"]
[Result "0-1"]
[WhiteElo "1176"]
[BlackElo "1437"]
[PlyCount "76"]
[EventDate "2019.??.??"]
[WhiteTeam "Echiquier Marseillais 1872"]
[BlackTeam "Cercle d'Echecs Aubagnais"]

1. e4 c5 2. c4 Nc6 3. Nf3 d6 4. h3 Nf6 5. d3 g6 6. b3 Bg7 7. Bb2 O-O 8. g4 a6
9. Nc3 Nd7 10. Qd2 Nde5 11. Ng1 Nd4 12. Bg2 e6 13. Nce2 Nec6 14. Nf3 Nxf3+ 15.
Bxf3 Ne5 16. Bg2 Qf6 17. Bxe5 Qxe5 18. Rb1 Rb8 19. g5 d5 20. f4 Qc7 21. exd5
Re8 22. dxe6 Rxe6 23. Bd5 Rd6 24. h4 Bg4 25. O-O Re8 26. Rf2 Qe7 27. Re1 Bd4
28. Nxd4 Qxe1+ 29. Qxe1 Rxe1+ 30. Kg2 cxd4 31. Bxb7 Re2 32. Bf3 Bxf3+ 33. Kxf3
Rxf2+ 34. Kxf2 a5 35. Ke2 Kf8 36. Kd2 Ke7 37. a3 Rb6 38. Kc2 Ke6 0-1

[Event "OPEN D'AUBAGNE"]
[Site "SALLE LAKANAL AUBAGNE"]
[Date "2019.09.02"]
[Round "2.13"]
[White "Desjardins, Rene"]
[Black "Bedhouche, Rayan"]
[Result "0-1"]
[WhiteElo "1418"]
[BlackElo "1401"]
[PlyCount "56"]
[EventDate "2019.??.??"]
[WhiteTeam "Cercle d'Echecs Aubagnais"]
[BlackTeam "L'Echiquier du Roy René"]

1. e4 c5 2. c4 Nc6 3. Nf3 Nf6 4. Nc3 e6 5. d3 Be7 6. Be2 O-O 7. Bg5 h6 8. Bh4
Nxe4 9. Bxe7 Nxc3 10. Bxd8 Nxd1 11. Bxd1 Rxd8 12. O-O d5 13. b3 dxc4 14. dxc4
Bd7 15. Re1 a5 16. Ne5 Nd4 17. Rc1 Be8 18. Bf3 Nxf3+ 19. Nxf3 a4 20. Re5 b6 21.
h4 axb3 22. axb3 Bc6 23. Nh2 Rd2 24. Nf1 Rb2 25. Re3 Raa2 26. Rd1 Rxf2 27. Rg3
Rxg2+ 28. Rxg2 Rxg2+ 0-1

[Event "OPEN D'AUBAGNE"]
[Site "SALLE LAKANAL AUBAGNE"]
[Date "2019.09.02"]
[Round "2.14"]
[White "Delaplace, Mathias"]
[Black "Pouliquen, Gilbert"]
[Result "1-0"]
[WhiteElo "1405"]
[BlackElo "1288"]
[PlyCount "57"]
[EventDate "2019.??.??"]
[WhiteTeam "Marseille-Echecs"]
[BlackTeam "Echiquier Marseillais 1872"]

1. e4 e6 2. d4 d5 3. Nd2 Nf6 4. e5 Nfd7 5. Ngf3 c5 6. c3 Nc6 7. Be2 Qb6 8. Nb3
c4 9. Nbd2 Be7 10. O-O O-O 11. b3 cxb3 12. axb3 f6 13. exf6 Nxf6 14. Re1 Bd6
15. Bd3 Qc7 16. c4 Bb4 17. Ba3 g6 18. Bxb4 Nxb4 19. Qe2 Nxd3 20. Qxd3 b6 21.
Rac1 Qb7 22. Ng5 Re8 23. Qf3 Kg7 24. Qg3 h6 25. cxd5 Qxd5 26. Rc7+ Bd7 27. Ngf3
Rec8 28. Ne5 Rxc7 29. Qxg6+ 1-0

[Event "OPEN D'AUBAGNE"]
[Site "SALLE LAKANAL AUBAGNE"]
[Date "2019.09.02"]
[Round "2.15"]
[White "Correges, Philippe"]
[Black "Roux, Jean-Marie"]
[Result "1-0"]
[WhiteElo "1401"]
[BlackElo "1276"]
[PlyCount "71"]
[EventDate "2019.??.??"]
[WhiteTeam "Cercle d'Echecs Aubagnais"]
[BlackTeam "L'Echiquier du Roy René"]

1. e4 e5 2. Nf3 Nc6 3. d4 exd4 4. Nxd4 Nf6 5. Nc3 Be7 6. Nxc6 bxc6 7. e5 Ng8 8.
Qg4 g6 9. Qd1 Bc5 10. Bf4 Ne7 11. Ne4 Nd5 12. Bg3 Bf8 13. c4 Bb4+ 14. Nd2 Ne7
15. a3 Bc5 16. Ne4 Bb6 17. c5 Bxc5 18. Nxc5 O-O 19. Ne4 Nf5 20. Nf6+ Kg7 21.
Bf4 Qe7 22. Qd2 c5 23. O-O-O Nd4 24. Qc3 d6 25. Nd5 Qd8 26. exd6 cxd6 27. Be3
Be6 28. Bxd4+ f6 29. Be3 Rb8 30. Bc4 Bxd5 31. Rxd5 Qb6 32. Rhd1 Rfd8 33. Bg5
Rf8 34. Rxd6 Qb7 35. Rd7+ Qxd7 36. Rxd7+ 1-0

[Event "OPEN D'AUBAGNE"]
[Site "SALLE LAKANAL AUBAGNE"]
[Date "2019.09.02"]
[Round "2.18"]
[White "Hunault, Francis"]
[Black "Madi, Chahinez"]
[Result "0-1"]
[WhiteElo "1431"]
[BlackElo "1264"]
[PlyCount "106"]
[EventDate "2019.??.??"]
[WhiteTeam "Cercle d'Echecs Aubagnais"]
[BlackTeam "Cercle d'Echecs Aubagnais"]

1. d4 d5 2. Nd2 Nf6 3. e3 g6 4. Ngf3 Bg7 5. Be2 O-O 6. Ne5 Nbd7 7. f4 c5 8. c3
Qc7 9. O-O b6 10. Rf3 Bb7 11. Rg3 Nxe5 12. fxe5 Ne4 13. Nxe4 dxe4 14. Bd2 f6
15. Bc4+ Kh8 16. e6 Qd6 17. Qg4 Bd5 18. Bxd5 Qxd5 19. Qh3 Kg8 20. b3 f5 21. Qh4
Qxe6 22. Rh3 Kf7 23. Rf1 Qc6 24. g4 e6 25. gxf5 exf5 26. Qf4 h5 27. Rg3 Rad8
28. Bc1 Rd6 29. Ba3 Rf6 30. c4 Rg8 31. d5 Qd6 32. Qg5 Rh8 33. Bb2 Bh6 34. Qxf6+
Qxf6 35. Bxf6 Kxf6 36. Rd1 Rd8 37. Kf2 g5 38. Rdg1 a6 39. Rd1 Bf8 40. Rdg1 Bh6
41. h3 b5 42. Rb1 Rd6 43. Rgg1 f4 44. exf4 gxf4 45. Rg8 Ke5 46. Rd1 bxc4 47.
bxc4 Rb6 48. Re8+ Kf5 49. d6 Rb2+ 50. Kf1 e3 51. Rd5+ Kg6 52. h4 f3 53. d7 Rb1+
0-1

[Event "OPEN D'AUBAGNE"]
[Site "SALLE LAKANAL AUBAGNE"]
[Date "2019.09.02"]
[Round "2.19"]
[White "Hassaine, Rachid"]
[Black "Prasant, Krishnan"]
[Result "1-0"]
[WhiteElo "1335"]
[BlackElo "1210"]
[PlyCount "71"]
[EventDate "2019.??.??"]
[WhiteTeam "Cercle d'Echecs Aubagnais"]
[BlackTeam "Cassis Echecs"]

1. e4 e5 2. Nf3 Nf6 3. Nxe5 d6 4. Nf3 Nxe4 5. Qe2 Qe7 6. d3 Nf6 7. Bg5 Nbd7 8.
Nc3 h6 9. Bxf6 Nxf6 10. Nb5 Be6 11. Nbd4 a6 12. Nxe6 fxe6 13. Nd4 e5 14. Nf5
Qe6 15. Ne3 O-O-O 16. g3 Be7 17. h4 Rdf8 18. Bh3 Qxh3 19. Rxh3 e4 20. O-O-O
exd3 21. Qxd3 Nd7 22. Nd5 Bd8 23. f4 Nc5 24. Qc4 g5 25. b4 b5 26. Qc3 Na4 27.
Qc6 gxf4 28. Qxa6+ Kd7 29. Qxb5+ c6 30. Qb7+ Ke6 31. Nxf4+ Kf6 32. Qxc6 Nb6 33.
Qxd6+ Kf5 34. Qd3+ Kf6 35. Qg6+ Ke5 36. Qe6# 1-0

[Event "OPEN D'AUBAGNE"]
[Site "SALLE LAKANAL AUBAGNE"]
[Date "2019.09.02"]
[Round "2.21"]
[White "Blanc, Michel"]
[Black "Renamy, Corentin"]
[Result "1/2-1/2"]
[WhiteElo "1498"]
[BlackElo "1099"]
[PlyCount "81"]
[EventDate "2019.??.??"]
[WhiteTeam "Cercle d'Echecs Aubagnais"]
[BlackTeam "La Ciotat Echecs (LCE)"]

1. Nf3 Nc6 2. d4 d5 3. Bf4 Bf5 4. a3 Nf6 5. e3 e6 6. Be2 Bd6 7. Bxd6 Qxd6 8.
O-O O-O 9. c4 dxc4 10. Bxc4 e5 11. dxe5 Nxe5 12. Qxd6 cxd6 13. Nxe5 dxe5 14.
Nc3 Rac8 15. Be2 Rfd8 16. Rfd1 Rxd1+ 17. Rxd1 h6 18. h3 Ne4 19. Nxe4 Bxe4 20.
Rd2 Rc2 21. Rxc2 Bxc2 22. Kf1 Kf8 23. Ke1 Ke7 24. Kd2 Ba4 25. Bf3 b6 26. Kc3
Kd6 27. b3 Bc6 28. Bxc6 Kxc6 29. a4 a5 30. Kc4 f6 31. e4 g5 32. f3 h5 33. g3 h4
34. g4 Kd6 35. b4 axb4 36. Kxb4 Kc6 37. Kc4 Kd6 38. Kb4 Kc6 39. Kc4 Kd6 40. Kb4
Kc6 41. Kc4 1/2-1/2

[Event "OPEN D'AUBAGNE"]
[Site "SALLE LAKANAL AUBAGNE"]
[Date "2019.09.02"]
[Round "2.22"]
[White "Rouviere, Lucas"]
[Black "Reynaud, Jacques"]
[Result "1-0"]
[WhiteElo "1099"]
[BlackElo "1394"]
[PlyCount "55"]
[EventDate "2019.??.??"]
[WhiteTeam "La Ciotat Echecs (LCE)"]
[BlackTeam "Cercle d'Echecs Aubagnais"]

1. c4 c5 2. Nc3 Nf6 3. Nf3 Nc6 4. d3 g6 5. g3 Bg7 6. Bg2 O-O 7. O-O e6 8. Bg5
a6 9. a3 Qc7 10. Rb1 h6 11. Bxf6 Bxf6 12. Qd2 Kh7 13. Ne4 Be7 14. Qc3 f5 15.
Ned2 Bf6 16. Qc2 e5 17. e4 d6 18. exf5 Bxf5 19. b4 Rab8 20. b5 axb5 21. cxb5
Nd4 22. Nxd4 exd4 23. b6 Qc8 24. Nc4 Be7 25. Rfe1 Qd7 26. Na5 Bh3 27. Bxh3 Qxh3
28. Rxe7+ 1-0

[Event "OPEN D'AUBAGNE"]
[Site "SALLE LAKANAL AUBAGNE"]
[Date "2019.09.02"]
[Round "2.23"]
[White "Periale, Albert"]
[Black "Shelar, Manasvi"]
[Result "1-0"]
[WhiteElo "1264"]
[BlackElo "1099"]
[PlyCount "107"]
[EventDate "2019.??.??"]
[WhiteTeam "Cercle d'Echecs Aubagnais"]
[BlackTeam "L'Echiquier du Roy René"]

1. e4 e5 2. Nf3 Nc6 3. Bb5 Nf6 4. d3 h6 5. c3 a6 6. Ba4 b5 7. Bb3 a5 8. a4 b4
9. cxb4 Bxb4+ 10. Bd2 Bc5 11. Qc1 d6 12. O-O Bg4 13. Bd1 O-O 14. Na3 Rb8 15.
Nc4 Nd4 16. Nxa5 Qd7 17. Nxd4 Bxd4 18. Bc3 Bxc3 19. Qxc3 Bxd1 20. Rfxd1 Nh5 21.
d4 Qg4 22. Nc4 Nf4 23. Ne3 Qg5 24. Kh1 Ne2 25. Qd2 Nxd4 26. Rab1 Rfe8 27. Nc2
Qg4 28. f3 Qh4 29. Nxd4 exd4 30. Qxd4 Re5 31. Qg1 Rg5 32. Rd4 Re8 33. e5 Qh5
34. Rbd1 Rexe5 35. f4 Re2 36. fxg5 Qxg5 37. Rd5 Qg4 38. a5 Rxb2 39. a6 Ra2 40.
a7 h5 41. R5d4 Qg5 42. Rc4 c5 43. Ra1 Qd2 44. a8=Q+ Rxa8 45. Rxa8+ Kh7 46. Rd8
Qd3 47. Rxc5 Qg6 48. Rd5 Qe6 49. R5xd6 Qe7 50. R6d7 Qf6 51. Rf8 Qg6 52. Rfxf7
Qe6 53. Rxg7+ Kh6 54. Qc1+ 1-0

[Event "OPEN D'AUBAGNE"]
[Site "SALLE LAKANAL AUBAGNE"]
[Date "2019.09.02"]
[Round "2.24"]
[White "Frontera, Pierre"]
[Black "Burnel, Marie-France"]
[Result "1-0"]
[WhiteElo "1257"]
[BlackElo "1075"]
[PlyCount "61"]
[EventDate "2019.??.??"]
[WhiteTeam "Cercle d'Echecs Aubagnais"]
[BlackTeam "Cercle d'Echecs Aubagnais"]

1. e4 e5 2. Nf3 Nc6 3. Bc4 Bc5 4. d3 Nf6 5. Nbd2 d5 6. Bb5 d4 7. Bxc6+ bxc6 8.
Nxe5 Qd6 9. Ndc4 Qe7 10. f3 O-O 11. a3 Ba6 12. b4 Bxc4 13. Nxc4 Bb6 14. Nxb6
cxb6 15. Bd2 Rad8 16. O-O h6 17. f4 Nd7 18. c4 c5 19. e5 f6 20. exf6 Rxf6 21.
Re1 Qd6 22. Re4 Rdf8 23. Qe2 Rf5 24. Re6 Qc7 25. g3 Nf6 26. Re1 Qc8 27. g4 Nxg4
28. Qxg4 R8f6 29. Re8+ Qxe8 30. Rxe8+ Rf8 31. Qxf5 1-0

[Event "OPEN D'AUBAGNE"]
[Site "SALLE LAKANAL AUBAGNE"]
[Date "2019.09.02"]
[Round "2.25"]
[White "Normand, Christophe"]
[Black "Salvi, Angele"]
[Result "1-0"]
[WhiteElo "1246"]
[BlackElo "1077"]
[PlyCount "103"]
[EventDate "2019.??.??"]
[WhiteTeam "Cercle d'Echecs Aubagnais"]
[BlackTeam "La Ciotat Echecs (LCE)"]

1. d4 Nf6 2. Nf3 d6 3. c4 Bd7 4. Nc3 Nc6 5. e4 e5 6. d5 Nd4 7. Nxd4 exd4 8.
Qxd4 Qe7 9. Bg5 Qe5 10. Qxe5+ dxe5 11. a3 Bd6 12. Be2 a6 13. O-O O-O 14. f4
Bc5+ 15. Kh1 Bd4 16. Bxf6 gxf6 17. f5 Kh8 18. Bh5 Kg7 19. Rf3 Kh6 20. Rh3 Kg7
21. b3 c6 22. Rf1 Bc5 23. b4 Be7 24. Rff3 c5 25. Rfg3+ Kh8 26. Nb1 cxb4 27. Rg4
Rg8 28. Rgh4 Rg7 29. axb4 Bxb4 30. Rb3 a5 31. Na3 b6 32. Nc2 Ba4 33. Rb2 Bc3
34. Rxb6 Bxc2 35. Rxf6 Ra7 36. Rc6 h6 37. f6 Rg8 38. d6 Ba4 39. Rc7 Rxc7 40.
dxc7 Bd7 41. Bxf7 Kh7 42. Bxg8+ Kxg8 43. Rxh6 a4 44. Rg6+ Kf8 45. Rg7 Bc8 46.
Rh7 a3 47. Rh8+ Kf7 48. Rxc8 a2 49. Ra8 a1=Q+ 50. Rxa1 Bxa1 51. c8=Q Kxf6 52.
Qa6+ 1-0

[Event "OPEN D'AUBAGNE"]
[Site "SALLE LAKANAL AUBAGNE"]
[Date "2019.09.02"]
[Round "2.26"]
[White "Tramarin, Esteban"]
[Black "Autouard, Jean-Luc"]
[Result "1-0"]
[WhiteElo "1082"]
[BlackElo "1245"]
[PlyCount "67"]
[EventDate "2019.??.??"]
[WhiteTeam "La Ciotat Echecs (LCE)"]
[BlackTeam "Cercle d'Echecs Aubagnais"]

1. c4 e5 2. Nc3 Nc6 3. Nf3 f5 4. d4 e4 5. d5 Nce7 6. Nh4 Ng6 7. Nxf5 d6 8. Ne3
Nf6 9. g3 Be7 10. Bg2 O-O 11. O-O c5 12. Nxe4 Nxe4 13. Bxe4 Bh3 14. Bg2 Qd7 15.
b3 Bf6 16. Rb1 Rf7 17. Qd3 Ne5 18. Bxh3 Qxh3 19. Qf5 Qxf5 20. Nxf5 Rd8 21. f4
Nd7 22. Nxd6 Re7 23. Nxb7 Rxe2 24. Nxd8 Bxd8 25. Rb2 Re8 26. Rff2 Bf6 27. Rbe2
Rc8 28. Bb2 Bd4 29. Bxd4 cxd4 30. Re7 Nc5 31. Rd2 Kf8 32. Rxa7 d3 33. b4 Re8
34. bxc5 1-0

[Event "OPEN D'AUBAGNE"]
[Site "SALLE LAKANAL AUBAGNE"]
[Date "2019.09.02"]
[Round "2.27"]
[White "Innocenti, Georges"]
[Black "Pietrac, Christian"]
[Result "1/2-1/2"]
[WhiteElo "1087"]
[BlackElo "1242"]
[PlyCount "105"]
[EventDate "2019.??.??"]
[WhiteTeam "Cercle d'Echecs Aubagnais"]
[BlackTeam "Club d'Echecs de Miramas"]

1. d4 Nf6 2. Nf3 g6 3. e3 Bg7 4. Bd3 O-O 5. O-O d6 6. e4 Nbd7 7. Nbd2 c5 8. d5
e6 9. dxe6 fxe6 10. Rb1 Ne8 11. b3 e5 12. Bb2 Nb6 13. Nc4 Be6 14. Bc1 Nf6 15.
Ng5 Bc8 16. Nxb6 axb6 17. Bc4+ Kh8 18. Be6 Qe7 19. Bxc8 Raxc8 20. Qf3 Nh5 21.
Qh3 Rf6 22. g4 Qd7 23. Qh4 h6 24. Nh3 Nf4 25. Nxf4 exf4 26. g5 Rf7 27. gxh6 Be5
28. Bb2 Re8 29. Bxe5+ Rxe5 30. f3 Rh5 31. Qg4 Qxg4+ 32. fxg4 Rxh6 33. Kg2 g5
34. Rbd1 Rfh7 35. Rh1 Re7 36. Rde1 Rh4 37. h3 Kg7 38. Kf3 Kf7 39. Rd1 Rd7 40.
Rd5 Kg6 41. e5 Rdh7 42. Rxd6+ Kf7 43. Rd7+ Ke6 44. Rxh7 Rxh7 45. Ke4 Rd7 46. c3
b5 47. h4 b4 48. hxg5 bxc3 49. Rh6+ Ke7 50. Rh7+ Ke8 51. Rh8+ Ke7 52. Rh7+ Ke8
53. Rh8+ 1/2-1/2

[Event "OPEN D'AUBAGNE"]
[Site "SALLE LAKANAL AUBAGNE"]
[Date "2019.09.02"]
[Round "2.28"]
[White "Garbe, Georges"]
[Black "Madi, Walid"]
[Result "0-1"]
[WhiteElo "1216"]
[BlackElo "1006"]
[PlyCount "74"]
[EventDate "2019.??.??"]
[WhiteTeam "Cercle d'Echecs Aubagnais"]
[BlackTeam "Cercle d'Echecs Aubagnais"]

1. e4 c5 2. Nf3 Nc6 3. c3 g6 4. Be2 Bg7 5. O-O d6 6. Na3 Nf6 7. d3 O-O 8. Nc4
b5 9. Ne3 Bd7 10. h3 Qc7 11. Ng5 h6 12. Nf3 c4 13. Nd5 Qd8 14. Nxf6+ exf6 15.
dxc4 bxc4 16. Bxc4 Qe7 17. Re1 Ne5 18. Bb3 Bb5 19. Bd5 Rad8 20. Nd4 Bd7 21. Bb3
Nc6 22. Qd3 Nxd4 23. Qxd4 f5 24. Qxa7 fxe4 25. Qe3 Bf5 26. f3 d5 27. Bd2 d4 28.
Qe2 e3 29. Bc1 dxc3 30. Qxe3 Bd4 31. Kf2 Bxe3+ 32. Rxe3 cxb2 33. Bxb2 Rd2+ 34.
Re2 Qxe2+ 35. Kg3 Rxb2 36. Kf4 Re8 37. g4 Qe5# 0-1